Normal view
MARC view
- Grewal, J.S
Entry Corporate Name
001 - CONTROL NUMBER
- control field: 114066
003 - CONTROL NUMBER IDENTIFIER
- control field: NUST
005 - DATE AND TIME OF LATEST TRANSACTION
- control field: 20230809093540.0
008 - FIXED-LENGTH DATA ELEMENTS
- fixed length control field: 230809|| aca||aabn | a|a d
040 ## - CATALOGING SOURCE
- Original cataloging agency: NUST
- Transcribing agency: NUST
110 ## - HEADING--CORPORATE NAME
- Corporate name or jurisdiction name as entry element: Grewal, J.S
670 ## - SOURCE DATA FOUND
- Source citation: Work cat.: (NUST): Grewal, B.S 102325, Higher Engineering Mathematics, 2004.
